| 000 | 00816nam a22002775a 4500 | ||
|---|---|---|---|
| 008 | 090129t2008 u a|||fr|||| 001 0 eng d | ||
| 020 | _a9780618761272 | ||
| 020 | _a0618761276 | ||
| 020 | _a9780618833276 | ||
| 020 | _a0618833277 | ||
| 040 |
_aEG-ScBuE _beng _cEG-ScBuE |
||
| 082 |
_a339 _bBOY _222 |
||
| 100 | 1 |
_aBoyes, William. _97072 |
|
| 245 | 1 | 0 |
_aMacroeconomics / _cWilliam Boyes, Michael Melvin. |
| 250 | _a7th ed. | ||
| 260 |
_aBoston : _bHoughton Mifflin Comoany , _c c.2008. |
||
| 300 |
_a(Various pagings) : _bill ; _c20 cm. |
||
| 500 | _aIncludes Glossary. | ||
| 500 | _aIncludes Index. | ||
| 590 | _ayassmeen ashraf | ||
| 650 | 0 |
_aMacroeconomics. _97073 _2BUEsh |
|
| 651 | _2BUEsh | ||
| 653 |
_bBUSECO _cAugust2015 |
||
| 700 | 1 |
_aMelvin, Michael _91905 |
|
| 942 |
_cBB _k339 BOY _2ddc |
||
| 999 |
_c8406 _d8406 |
||